书目信息 |
| 题名: |
姜子牙的就业课
|
|
| 作者: | 麦金 著 | |
| 分册: | ||
| 出版信息: | 北京 九州出版社 2004.08 |
|
| 页数: | 255页 | |
| 开本: | 22cm | |
| 丛书名: | Think成功书系 | |
| 单 册: | ||
| 中图分类: | G647.38-49 | |
| 科图分类: | ||
| 主题词: | 大学生--职业选择--通俗读物 | |
| 电子资源: | ||
| ISBN: | 7-80195-137-9 | |
| 000 | 00845nam 2200241 450 | |
| 001 | 0159389732 | |
| 005 | 20050901232456.67 | |
| 010 | @a7-80195-137-9@dCNY20.00 | |
| 100 | @a20050426d2004 km y0chiy0120 ea | |
| 101 | 0 | @achi |
| 102 | @aCN@b110000 | |
| 105 | @aa z 000yy | |
| 200 | 1 | @a姜子牙的就业课@Ajiang zi ya de jiu ye ke@f麦金著@Fmai jin zhu |
| 210 | @a北京@c九州出版社@d2004.08 | |
| 215 | @a255页@c图@d22cm | |
| 225 | 2 | @aThink成功书系 |
| 330 | @a本书用独特、欢快的形象,试图从一个个趣味盎然的细微中找到某种永恒的规律,其荒诞搞笑却又富于哲理。在发人深省之间,让你重温了旧别林式的轻松,体会到了每个隽永睿智片段后面的意味深长。 | |
| 410 | 0 | @12001 @aThink成功书系 |
| 606 | 0 | @a大学生@x职业选择@x通俗读物 |
| 690 | @aG647.38-49@v4 | |
| 701 | 0 | @a麦金@Amai jin@4著 |
| 801 | 0 | @aCN@bQSSK@c20050901 |
| 905 | @a10447@dG647.38-49@eM275 | |
| 姜子牙的就业课/麦金著.-北京:九州出版社,2004.08 |
| 255页:图;22cm.-(Think成功书系) |
| ISBN 7-80195-137-9:CNY20.00 |
| 本书用独特、欢快的形象,试图从一个个趣味盎然的细微中找到某种永恒的规律,其荒诞搞笑却又富于哲理。在发人深省之间,让你重温了旧别林式的轻松,体会到了每个隽永睿智片段后面的意味深长。 |
| ● |
| 相关链接 |
|
|
|
正题名:姜子牙的就业课
索取号:G647.38-49/M275
 
预约/预借
| 序号 | 登录号 | 条形码 | 馆藏地/架位号 | 状态 | 备注 |
| 1 | 567688 | 205676883 | 社科库409/409社科库 14排2列4层/ [索取号:G647.38-49/M275] | 在馆 | |
| 2 | 567689 | 205676892 | 社科库409/409社科库 14排2列4层/ [索取号:G647.38-49/M275] | 在馆 | |
| 3 | 567690 | 205676909 | 社科库409/409社科库 14排2列4层/ [索取号:G647.38-49/M275] | 在馆 |